000 01744cam a2200133 4500500
005 20260405085605.0
041 _afre
042 _adc
100 1 0 _aVernant, Denis
_eauthor
245 0 0 _aIntroduction à la philosophie contemporaine du langage : Du langage à l’action
260 _bArmand Colin,
_c2011.
520 _aPrésente depuis l’Antiquité, l’interrogation philosophique sur le langage a pris une importance nouvelle à l’aube du XXe siècle avec l’invention de la linguistique et de la logique formelle, et l’émergence des sciences de l’Homme. Dès lors, la dimension syntaxique du sens se définit en termes de valeur du signe et de signifiance des propositions, sa dimension sémantique met en jeu signification et référence, et l’usage pragmatique du discours se déploie en une pratique dialogique subordonnée à des contraintes actionnelles. Cet ouvrage répond à la nécessité d’opérer une ouverture pluridisciplinaire tenant compte des apports de la logique, de la linguistique, de la sémiologie, de l’anthropologie, et de l’informatique ; et ce afin de s’orienter dans cette multiplicité de savoirs et d’adopter un traitement stratifié de la problématique langagière en examinant ces aspects. L’enjeu majeur est celui du passage d’une conception représentationnelle héritée de Descartes à une approche résolument actionnelle permettant de repenser les questions majeures de la subjectivité, des rapports entre pensée et langage, de la vérité et, in fine, du statut même de la philosophie en tant que pratique discursive.
856 4 1 _uhttps://shs.cairn.info/introduction-a-la-philosophie-contemporaine-du-lan--9782200246181?lang=fr&redirect-ssocas=7080
999 _c2198789
_d2198789